[Event "C.to Italiano U12"]
[Site "Montesilvano ITA"]
[Date "2015.07.02"]
[Round "5"]
[White "Bettalli, Francesco"]
[Black "Lupi, Matthew"]
[WhiteElo "1889"]
[BlackElo "1582"]
[Result "1-0"]
[PlyCount "89"]
[EventDate "2015.06.29"]

1. d4 d5 2. c4 e6 3. Nc3 c5 4. cxd5 exd5 5. dxc5 Be6 6. e4 d4 7. Nb5 Bxc5 8.
Bf4 Qa5+ 9. Bd2 Qb6 10. b4 Be7 11. Rc1 Nc6 12. Qa4 Bd7 13. Bf4 Bxb4+ 14. Kd1
Rc8 15. Bd6 Qa5 16. Qxa5 Bxa5 17. Bc5 Kd8 18. Nd6 Nh6 19. Nxb7+ Kc7 20. Nxa5
Nxa5 21. Bxd4+ Kb7 22. Bxg7 Ba4+ 23. Kd2 Rhd8+ 24. Bd3 Rxd3+ 25. Kxd3 Rxc1 26.
Bxh6 Rd1+ 27. Ke2 Nc6 28. Be3 Nb4 29. a3 Na2 30. Bd2 Kc6 31. h4 Kb5 32. g4 Kc4
33. g5 Kd4 34. Nf3+ Kxe4 35. Rxd1 Bxd1+ 36. Kxd1 Kxf3 37. Kc2 Kxf2 38. Kb2 Ke2
39. Ba5 Kd3 40. Kxa2 Kc2 41. h5 Kc1 42. Kb3 Kb1 43. Kc4 Kc2 44. Kb5 Kb3 45. Bb4
1-0

[Event "C.to Italiano U12"]
[Site "Montesilvano ITA"]
[Date "2015.07.02"]
[Round "5"]
[White "Buonanno, Raffaele"]
[Black "Orlandini, Andrea"]
[WhiteElo "1704"]
[BlackElo "1757"]
[Result "1/2-1/2"]
[PlyCount "62"]
[EventDate "2015.06.29"]

1. d4 d5 2. c4 c6 3. cxd5 cxd5 4. Nc3 Nc6 5. Bf4 Nf6 6. e3 Bf5 7. Qb3 Qb6 8.
Qxb6 axb6 9. Nf3 e6 10. Bb5 Be7 11. Nh4 Bg6 12. Nxg6 hxg6 13. Kd2 Kd7 14. h3
Bb4 15. f3 Ra5 16. Be2 Rha8 17. a3 Nh5 18. Bh2 Bd6 19. Bxd6 Kxd6 20. Rhb1 Kd7
21. Rc1 Ng3 22. Bb5 f5 23. Rc2 Ke7 24. Rac1 Kd6 25. Bd3 Rh8 26. Ne2 Nxe2 27.
Kxe2 g5 28. Rc3 Rha8 29. Rb3 Kc7 30. Bb5 Rd8 31. Kd3 Rd6 1/2-1/2

[Event "C.to Italiano U12"]
[Site "Montesilvano ITA"]
[Date "2015.07.02"]
[Round "5"]
[White "Zenere, Gabriele"]
[Black "Della Peruta, Lorenzo"]
[WhiteElo "1729"]
[BlackElo "1608"]
[Result "1/2-1/2"]
[PlyCount "60"]
[EventDate "2015.06.29"]

1. d4 d5 2. Nf3 Nf6 3. c4 c6 4. Nc3 e6 5. e3 Nbd7 6. Qc2 Bd6 7. b3 O-O 8. Be2
dxc4 9. bxc4 c5 10. O-O b6 11. a4 Bb7 12. a5 Qb8 13. Nb5 Be7 14. Ba3 a6 15. Nc3
bxa5 16. Rab1 Qc7 17. Rfd1 Nb6 18. Qb3 Bxf3 19. Qxb6 Qxb6 20. Rxb6 Bxe2 21.
Nxe2 Rfd8 22. Rdb1 Nd7 23. Rb7 Bf8 24. f3 cxd4 25. Bxf8 Kxf8 26. exd4 Rab8 27.
Kf2 Ke8 28. c5 Rdc8 29. Nc3 Rxb7 30. Rxb7 Rb8 1/2-1/2

[Event "C.to Italiano U12"]
[Site "Montesilvano ITA"]
[Date "2015.07.03"]
[Round "6"]
[White "Cassanelli, Emilio"]
[Black "Bettalli, Francesco"]
[WhiteElo "1496"]
[BlackElo "1889"]
[Result "0-1"]
[PlyCount "68"]
[EventDate "2015.06.29"]

1. e4 c5 2. d4 cxd4 3. c3 dxc3 4. Nxc3 Nc6 5. Nf3 e6 6. Bc4 a6 7. a4 Qc7 8. O-O
Bd6 9. Qe2 Nge7 10. Rd1 Ng6 11. h3 b6 12. Be3 Bf4 13. Rac1 Bxe3 14. Qxe3 Qf4
15. Qxf4 Nxf4 16. Rd2 Ke7 17. Re1 d6 18. Red1 Rd8 19. Rb1 Bb7 20. b4 Rac8 21.
Bf1 Nb8 22. Rb3 Nd7 23. g3 Ng6 24. Bg2 Nf6 25. Nd4 d5 26. exd5 Nxd5 27. Nxd5+
Bxd5 28. Re3 Bxg2 29. Kxg2 Rd5 30. Kh2 Rc4 31. Red3 Ne5 32. Re3 Rcxd4 33. Rxd4
Rxd4 34. Rxe5 Rxb4 0-1

[Event "C.to Italiano U12"]
[Site "Montesilvano ITA"]
[Date "2015.07.03"]
[Round "6"]
[White "Orlandini, Andrea"]
[Black "Colonetti, Fabio"]
[WhiteElo "1757"]
[BlackElo "1642"]
[Result "1-0"]
[PlyCount "93"]
[EventDate "2015.06.29"]

1. e4 c5 2. Nf3 d6 3. d4 Nf6 4. dxc5 Nxe4 5. cxd6 Nc6 6. Bd3 Nxd6 7. O-O g6 8.
c3 Bg7 9. Re1 O-O 10. Nbd2 Bf5 11. Bxf5 Nxf5 12. Ne4 Qxd1 13. Rxd1 Rfd8 14. Bf4
Rac8 15. g4 Nh6 16. h3 Rxd1+ 17. Rxd1 Rd8 18. Rxd8+ Nxd8 19. Ng3 Kf8 20. g5 Ng8
21. Ne4 Ne6 22. Be3 a6 23. Nc5 Nxc5 24. Bxc5 Ke8 25. Nd2 Kd7 26. Kg2 e6 27. Ne4
Ne7 28. Bxe7 Kxe7 29. Nc5 Kd6 30. Nxb7+ Ke5 31. Nc5 a5 32. Kg3 Kf5 33. h4 Be5+
34. Kf3 f6 35. Nd7 fxg5 36. Nxe5 gxh4 37. Ng4 e5 38. Ne3+ Kg5 39. b4 axb4 40.
cxb4 Kf6 41. a4 Ke6 42. Kg4 Kd6 43. Kxh4 Kc6 44. Kg5 h5 45. Kxg6 h4 46. Kf5 h3
47. Ng4 1-0

[Event "C.to Italiano U12"]
[Site "Montesilvano ITA"]
[Date "2015.07.03"]
[Round "6"]
[White "Sangiorgi, Raphael"]
[Black "Buonanno, Raffaele"]
[WhiteElo "1735"]
[BlackElo "1704"]
[Result "0-1"]
[PlyCount "49"]
[EventDate "2015.06.29"]

1. e4 d6 2. d4 Nf6 3. Nc3 g6 4. f3 Bg7 5. Be3 a6 6. Qd2 b5 7. a3 Nbd7 8. Nge2
Nb6 9. Nf4 Bb7 10. g4 Nfd7 11. Ng2 Rc8 12. Bh6 Bxh6 13. Qxh6 e6 14. Ne3 Qf6 15.
O-O-O c5 16. dxc5 dxc5 17. f4 b4 18. axb4 cxb4 19. Na2 Bxe4 20. Nxb4 Bxh1 21.
Bxa6 Ra8 22. Rxh1 Qd4 23. f5 Qxb4 24. fxe6 fxe6 25. Ng2 0-1

[Event "C.to Italiano U12"]
[Site "Montesilvano ITA"]
[Date "2015.07.03"]
[Round "7"]
[White "Bettalli, Francesco"]
[Black "Orlandini, Andrea"]
[WhiteElo "1889"]
[BlackElo "1757"]
[Result "1-0"]
[PlyCount "101"]
[EventDate "2015.06.29"]

1. d4 d5 2. c4 c6 3. Nc3 Nf6 4. Bg5 dxc4 5. e3 b5 6. a4 b4 7. Na2 b3 8. Nc3 Ba6
9. Nf3 Nd5 10. Qc1 Nb4 11. Kd1 c5 12. Qd2 Nd7 13. Ne4 Qb6 14. d5 Qg6 15. Nc3
Qc2+ 16. Qxc2 Nxc2 17. Rc1 O-O-O 18. Nd2 Nb6 19. e4 h6 20. Bf4 g5 21. Bg3 Bg7
22. Nxb3 Bxc3 23. bxc3 cxb3 24. Bxa6+ Kd7 25. Bb5+ Kc8 26. a5 Na8 27. Rb1 Na3
28. Ba6+ Kd7 29. Rxb3 h5 30. h3 Nc7 31. Bxc7 Kxc7 32. Rxa3 Rb8 33. Kc2 Kd6 34.
f3 Ke5 35. Kd3 Kf4 36. Ra2 Kg3 37. Kc4 Rh6 38. Bb5 Rc8 39. Bc6 Rg6 40. Kxc5 g4
41. hxg4 hxg4 42. fxg4 Rxg4 43. Rh3+ Kf4 44. Rf3+ Kxe4 45. Ra4+ Ke5 46. Rxg4 f5
47. Rg5 Ke4 48. d6+ Rxc6+ 49. Kxc6 f4 50. dxe7 a6 51. e8=Q# 1-0

[Event "C.to Italiano U12"]
[Site "Montesilvano ITA"]
[Date "2015.07.03"]
[Round "7"]
[White "Buonanno, Raffaele"]
[Black "Tripodi, Enzo"]
[WhiteElo "1704"]
[BlackElo "1503"]
[Result "1-0"]
[PlyCount "53"]
[EventDate "2015.06.29"]

1. d4 Nf6 2. c4 g6 3. Nc3 Bg7 4. e4 d6 5. f3 O-O 6. Be3 Nc6 7. Qd2 Bd7 8. g4 e5
9. d5 Ne7 10. O-O-O a5 11. h4 b6 12. Nge2 Bxg4 13. fxg4 Nxg4 14. Ng3 Nxe3 15.
Qxe3 f5 16. exf5 Nxf5 17. Nxf5 Rxf5 18. Bh3 Rh5 19. Be6+ Kh8 20. Qg3 Bf6 21.
Ne4 Bxh4 22. Qg4 Bg5+ 23. Kb1 Rxh1 24. Rxh1 Bf4 25. Qxg6 Qe7 26. Bf7 h6 27.
Rxh6+ 1-0

[Event "C.to Italiano U12"]
[Site "Montesilvano ITA"]
[Date "2015.07.03"]
[Round "7"]
[White "Russo, Leonardo"]
[Black "Della Peruta, Lorenzo"]
[WhiteElo "1746"]
[BlackElo "1608"]
[Result "0-1"]
[PlyCount "52"]
[EventDate "2015.06.29"]

1. e4 e5 2. Nf3 Nc6 3. d4 exd4 4. Bc4 Bc5 5. O-O d6 6. c3 dxc3 7. Nxc3 Nf6 8.
Bg5 Bg4 9. h3 Bh5 10. Nd5 Ne5 11. Be2 c6 12. Nc3 h6 13. Bf4 Qe7 14. Nd2 Bxe2
15. Qxe2 O-O 16. Bg3 Rfe8 17. Kh1 Ng6 18. f4 Bd4 19. Rae1 Bxc3 20. bxc3 Nd7 21.
f5 Nge5 22. c4 f6 23. Bf2 Nb6 24. Bxb6 axb6 25. Nb1 Qf7 26. Rc1 Ra4 0-1

[Event "C.to Italiano U12"]
[Site "Montesilvano ITA"]
[Date "2015.07.04"]
[Round "8"]
[White "Bettalli, Francesco"]
[Black "Buonanno, Raffaele"]
[WhiteElo "1889"]
[BlackElo "1704"]
[Result "1/2-1/2"]
[PlyCount "29"]
[EventDate "2015.06.29"]

1. d4 d5 2. c4 e5 3. dxe5 d4 4. Nf3 Nc6 5. g3 Nge7 6. Bg2 Be6 7. b3 Qd7 8. O-O
O-O-O 9. a3 Ng6 10. Bb2 Bh3 11. b4 Ncxe5 12. Nxe5 Nxe5 13. c5 Bxg2 14. Kxg2 h5
15. h4 1/2-1/2

[Event "C.to Italiano U12"]
[Site "Montesilvano ITA"]
[Date "2015.07.04"]
[Round "8"]
[White "Della Peruta, Lorenzo"]
[Black "Bonali, Leonardo"]
[WhiteElo "1608"]
[BlackElo "1654"]
[Result "1-0"]
[PlyCount "107"]
[EventDate "2015.06.29"]

1. e4 c6 2. d4 d5 3. Nc3 dxe4 4. Nxe4 Nd7 5. Nf3 Ngf6 6. Nxf6+ Nxf6 7. Bc4 Bf5
8. O-O e6 9. Re1 Bd6 10. Bg5 h6 11. Be3 O-O 12. Bd3 Bxd3 13. Qxd3 Qc7 14. h3
Rad8 15. Qe2 Rfe8 16. c4 c5 17. b3 b6 18. Rad1 a6 19. dxc5 Bxc5 20. Bxc5 Qxc5
21. Qe5 Qe7 22. Nd4 Qd6 23. Qxd6 Rxd6 24. Nf3 Red8 25. Rxd6 Rxd6 26. Re2 Kf8
27. Rd2 Rxd2 28. Nxd2 Ke7 29. Kf1 Kd6 30. b4 Ke5 31. Nf3+ Ke4 32. Ke2 Nd7 33.
Kd2 Ne5 34. Nxe5 Kxe5 35. Ke3 g5 36. g4 b5 37. c5 Kd5 38. f3 Ke5 39. Kd3 Kd5
40. Kc3 f5 41. Kd3 a5 42. a3 a4 43. Ke3 f4+ 44. Kd3 e5 45. Ke2 Kc4 46. c6 Kb3
47. c7 Kxa3 48. c8=Q Kxb4 49. Qc1 a3 50. Kd3 e4+ 51. fxe4 a2 52. Qb2+ Kc5 53.
Qxa2 f3 54. Qf2+ 1-0

[Event "C.to Italiano U12"]
[Site "Montesilvano ITA"]
[Date "2015.07.04"]
[Round "8"]
[White "Orlandini, Andrea"]
[Black "Testa, Leonardo"]
[WhiteElo "1757"]
[BlackElo "1507"]
[Result "1-0"]
[PlyCount "65"]
[EventDate "2015.06.29"]

1. e4 c5 2. Nf3 d6 3. d4 cxd4 4. Nxd4 Nf6 5. Nc3 g6 6. Be2 Bg7 7. Be3 O-O 8. f3
Bd7 9. Qd2 Nc6 10. O-O-O a6 11. g4 b5 12. g5 b4 13. gxf6 bxc3 14. Qxc3 Bxf6 15.
Nxc6 Bxc3 16. Nxd8 Ba5 17. Nb7 Bc7 18. Bd2 Ra7 19. Na5 Rc8 20. Nb3 Bb6 21. Bc3
Be3+ 22. Kb1 Bb5 23. Bxb5 axb5 24. Bd4 Bxd4 25. Rxd4 Rca8 26. a3 Kf8 27. Rhd1
h5 28. Rb4 Rb8 29. Rd5 Rab7 30. Nd4 Ke8 31. Rdxb5 Rxb5 32. Rxb5 Rxb5 33. Nxb5
1-0

[Event "C.to Italiano U12"]
[Site "Montesilvano ITA"]
[Date "2015.07.05"]
[Round "9"]
[White "Bonali, Leonardo"]
[Black "Orlandini, Andrea"]
[WhiteElo "1654"]
[BlackElo "1757"]
[Result "0-1"]
[PlyCount "53"]
[EventDate "2015.06.29"]

1. d4 d5 2. c4 c6 3. Nc3 Nf6 4. Bf4 dxc4 5. e4 b5 6. a3 e6 7. Nf3 Bb7 8. Qc2
Be7 9. Be2 O-O 10. O-O a5 11. Bg5 Nbd7 12. Bxf6 Nxf6 13. Rfd1 Qb6 14. b3 cxb3
15. Qxb3 h6 16. d5 exd5 17. exd5 Bc5 18. Rf1 a4 19. Qb2 Nxd5 20. Nxd5 cxd5 21.
Qxb5 Qxb5 22. Bxb5 Ba6 23. Bxa6 Rxa6 24. Rfd1 Rd8 25. Rd3 Rb6 26. Nd4 Rdb8 27.
Rdd1 0-1

[Event "C.to Italiano U12"]
[Site "Montesilvano ITA"]
[Date "2015.07.05"]
[Round "9"]
[White "Buonanno, Raffaele"]
[Black "Della Peruta, Lorenzo"]
[WhiteElo "1704"]
[BlackElo "1608"]
[Result "1-0"]
[PlyCount "85"]
[EventDate "2015.06.29"]

1. d4 d5 2. c4 c6 3. cxd5 cxd5 4. Nc3 Nf6 5. Bf4 Nc6 6. e3 Bf5 7. Qb3 Qb6 8.
Qxb6 axb6 9. Nf3 e6 10. Nh4 Bb4 11. f3 Bxc3+ 12. bxc3 Ra3 13. Kd2 O-O 14. Bd6
Rfa8 15. Bxa3 Rxa3 16. Nxf5 exf5 17. Bd3 g6 18. Rhb1 Nd7 19. Rb3 Rxb3 20. axb3
Na5 21. Kc2 Kf8 22. c4 dxc4 23. bxc4 Nc6 24. Kc3 Ke7 25. e4 f4 26. e5 f6 27.
exf6+ Kxf6 28. Be4 Nf8 29. Ra8 Nd7 30. Bxc6 bxc6 31. Kb4 c5+ 32. dxc5 bxc5+ 33.
Kb5 Ke5 34. Rc8 Kd6 35. Rc6+ Ke5 36. Rxc5+ Kd6 37. Rd5+ Kc7 38. Rxd7+ Kxd7 39.
Kc5 g5 40. Kd5 h5 41. Ke5 g4 42. fxg4 hxg4 43. Kxf4 1-0

[Event "C.to Italiano U12"]
[Site "Montesilvano ITA"]
[Date "2015.07.05"]
[Round "9"]
[White "Pennica, Andrea"]
[Black "Bettalli, Francesco"]
[WhiteElo "1482"]
[BlackElo "1889"]
[Result "0-1"]
[PlyCount "84"]
[EventDate "2015.06.29"]

1. d4 Nf6 2. c4 c5 3. e3 g6 4. Nf3 Bg7 5. Nc3 cxd4 6. exd4 O-O 7. Be2 d5 8. c5
Nc6 9. Be3 Re8 10. O-O Ne4 11. h3 Nxc3 12. bxc3 e5 13. Nh2 exd4 14. cxd4 Nxd4
15. Bxd4 Bxd4 16. Bb5 Bxa1 17. Bxe8 Bg7 18. Ba4 Be6 19. c6 bxc6 20. Bxc6 Rb8
21. Qa4 a5 22. Rd1 Rb2 23. Nf3 Qb6 24. Rf1 Rb4 25. Qc2 Rc4 26. Qe2 Qxc6 27. Ne5
Bxe5 28. Qxe5 Qc7 29. Qf6 Rf4 30. Qb2 f6 31. Rc1 Qe5 32. Qb7 Rc4 33. Rb1 Rb4
34. Qa8+ Kg7 35. Rxb4 Qe1+ 36. Kh2 axb4 37. f3 Qe5+ 38. Kg1 Qe3+ 39. Kh2 d4 40.
Qb7+ Bf7 41. Qxb4 d3 42. Qc3 Qe5+ 0-1

[Event "C.to Italiano U10 femminile"]
[Site "Montesilvano ITA"]
[Date "2015.06.30"]
[Round "2"]
[White "De Bellis, Vera"]
[Black "Cassi, Elisa"]
[WhiteElo "1392"]
[BlackElo "1489"]
[Result "0-1"]
[PlyCount "66"]
[EventDate "2015.06.29"]

1. e4 e5 2. Bc4 Bc5 3. Nc3 Nf6 4. d3 h6 5. Be3 Bb6 6. Nf3 Nc6 7. O-O d6 8. Bxb6
axb6 9. Bd5 Be6 10. b4 Nxb4 11. Bxb7 Ra7 12. Bd5 Nbxd5 13. exd5 Nxd5 14. Nb5
Ra5 15. Nbd4 exd4 16. Nxd4 Qd7 17. c4 Nf6 18. Re1 O-O 19. Nb3 Raa8 20. Nd4 Rfe8
21. Nxe6 Rxe6 22. Rf1 Rae8 23. d4 Re2 24. Qb3 Qe7 25. h3 Qe4 26. Qc3 Nh5 27. g3
Re6 28. d5 Rg6 29. Rfe1 Nf4 30. f3 Rxg3+ 31. Kf1 Rxf3+ 32. Qxf3 Qxf3+ 33. Kg1
Qg2# 0-1

[Event "C.to Italiano U10 femminile"]
[Site "Montesilvano ITA"]
[Date "2015.07.01"]
[Round "3"]
[White "Cassi, Elisa"]
[Black "Meharunkar, Pari Prasad"]
[WhiteElo "1489"]
[BlackElo "1434"]
[Result "1-0"]
[PlyCount "71"]
[EventDate "2015.06.29"]

1. e4 e5 2. Nf3 Nc6 3. Bc4 Bc5 4. c3 Nf6 5. d4 exd4 6. cxd4 Bb6 7. e5 d5 8. Bd3
Ne4 9. Nc3 Nxd4 10. Nxd4 Bxd4 11. Bb5+ c6 12. Bxc6+ bxc6 13. Qxd4 Nxc3 14. Qxc3
Bd7 15. O-O O-O 16. Qg3 Re8 17. Bh6 g6 18. Rfe1 f6 19. Rad1 fxe5 20. Rxe5 Rxe5
21. Qxe5 Kf7 22. Qg7+ Ke6 23. Bf4 Qa5 24. h3 a6 25. Rd3 Qe1+ 26. Kh2 d4 27.
Qxd4 Kf5 28. Re3 Qxe3 29. Qxe3 Re8 30. g4+ Kf6 31. Qd4+ Kf7 32. Qxd7+ Re7 33.
Qxc6 Re6 34. Qb7+ Re7 35. Qxa6 Re6 36. Qb5 1-0

[Event "C.to Italiano U10 femminile"]
[Site "Montesilvano ITA"]
[Date "2015.07.01"]
[Round "4"]
[White "Guarino Carretta, Alessia"]
[Black "Cassi, Elisa"]
[WhiteElo "1362"]
[BlackElo "1489"]
[Result "0-1"]
[PlyCount "90"]
[EventDate "2015.06.29"]

1. e4 e5 2. Nf3 Nc6 3. d4 exd4 4. Nxd4 Bc5 5. Be3 Bb6 6. Bc4 d6 7. Nc3 Nf6 8.
Nd5 Nxe4 9. Bb5 Bd7 10. f3 Qh4+ 11. g3 Nxg3 12. Bf2 Qg5 13. Bxg3 Qxd5 14. Bxc6
Bxc6 15. Qe2+ Kd7 16. O-O-O Bxd4 17. Rhe1 Rhe8 18. Qd3 Rxe1 19. Bxe1 Re8 20.
Bg3 Qxf3 21. Qxf3 Bxb2+ 22. Kxb2 Bxf3 23. Rf1 Bd5 24. Rg1 Re2 25. Bf4 g6 26.
Bg3 Be4 27. Rc1 c5 28. Be1 Rxh2 29. Kb3 b5 30. c4 bxc4+ 31. Rxc4 Bd5 32. Bg3
Bxc4+ 33. Kxc4 Rxa2 34. Kd5 a5 35. Bxd6 Rd2+ 36. Kxc5 Rxd6 37. Kb5 h5 38. Kxa5
h4 39. Kb4 h3 40. Kc4 h2 41. Kc3 h1=Q 42. Kc4 Qc1+ 43. Kb5 Rd2 44. Kb4 Rb2+ 45.
Ka3 Qa1# 0-1

[Event "C.to Italiano U10 femminile"]
[Site "Montesilvano ITA"]
[Date "2015.07.02"]
[Round "5"]
[White "Cassi, Elisa"]
[Black "Cassanelli, Emma"]
[WhiteElo "1489"]
[BlackElo "1455"]
[Result "1-0"]
[PlyCount "81"]
[EventDate "2015.06.29"]

1. e4 e5 2. Nf3 Nc6 3. Bc4 Bc5 4. c3 Nf6 5. d4 exd4 6. cxd4 Bb4+ 7. Bd2 Bxd2+
8. Nbxd2 d5 9. exd5 Nxd5 10. Qb3 Nce7 11. O-O O-O 12. Rfe1 c6 13. Ne4 h6 14.
Ne5 b5 15. Bxd5 cxd5 16. Nc5 a6 17. Rac1 Be6 18. Qg3 Nf5 19. Qf4 f6 20. Nxe6
Qa5 21. Nxf8 Rc8 22. Qxf5 Rxf8 23. Ng4 Qd2 24. Qxd5+ Rf7 25. Re8+ Kh7 26. Rce1
Rc7 27. h3 Rc1 28. Rxc1 Qxc1+ 29. Kh2 Qf4+ 30. g3 Qg5 31. Qxg5 fxg5 32. d5 h5
33. Ne3 Kg6 34. d6 Kf7 35. Re4 a5 36. d7 Kg6 37. d8=Q Kh6 38. Re6+ Kh7 39. Qxg5
Kg8 40. Nf5 Kh7 41. Qxg7# 1-0

[Event "C.to Italiano U10 femminile"]
[Site "Montesilvano ITA"]
[Date "2015.07.03"]
[Round "6"]
[White "Bordin, Silvia"]
[Black "Cassi, Elisa"]
[WhiteElo "1440"]
[BlackElo "1489"]
[Result "1-0"]
[PlyCount "77"]
[EventDate "2015.06.29"]

1. e4 e5 2. Nf3 Nc6 3. d4 exd4 4. Nxd4 Bc5 5. Be3 Bb6 6. Qd2 Nf6 7. f3 O-O 8.
Nc3 d5 9. exd5 Nxd4 10. Bxd4 Re8+ 11. Be2 Nxd5 12. Bxb6 Nxb6 13. O-O-O Qxd2+
14. Rxd2 Bd7 15. Rhd1 Be6 16. Nb5 Rec8 17. f4 h6 18. Bf3 c6 19. Nd6 Nc4 20.
Nxc4 Bxc4 21. Rd7 Rab8 22. Bg4 Re8 23. R1d2 Re1+ 24. Bd1 Bxa2 25. b3 Re4 26. g3
a5 27. Kb2 Bxb3 28. cxb3 b5 29. Bc2 Ree8 30. h4 g6 31. g4 Re3 32. Rd8+ Rxd8 33.
Rxd8+ Kg7 34. f5 gxf5 35. Bxf5 b4 36. Rd7 Re2+ 37. Kc1 Re1+ 38. Kd2 Rb1 39.
Bxb1 1-0

[Event "C.to Italiano U10 femminile"]
[Site "Montesilvano ITA"]
[Date "2015.07.03"]
[Round "7"]
[White "Cassi, Elisa"]
[Black "Di Maulo, Alessandra"]
[WhiteElo "1489"]
[BlackElo "1275"]
[Result "1/2-1/2"]
[PlyCount "36"]
[EventDate "2015.06.29"]

1. e4 g6 2. d4 Bg7 3. Nc3 e6 4. Bc4 Ne7 5. Bg5 O-O 6. Nf3 d6 7. O-O Nd7 8. Re1
a6 9. a4 b6 10. Qd2 Bb7 11. Rad1 Re8 12. d5 e5 13. Bh6 f5 14. Bxg7 Kxg7 15. Ng5
Nf8 16. Qe3 fxe4 17. Qxe4 Nf5 18. Nf3 Nd7 1/2-1/2

[Event "C.to Italiano U10 femminile"]
[Site "Montesilvano ITA"]
[Date "2015.07.04"]
[Round "8"]
[White "Di Maulo, Alessandra"]
[Black "Serano, Alice"]
[WhiteElo "1275"]
[BlackElo "1407"]
[Result "1-0"]
[PlyCount "133"]
[EventDate "2015.06.29"]

1. e4 e5 2. Nf3 Nc6 3. Bc4 Bc5 4. Nc3 Nf6 5. d3 d6 6. h3 Be6 7. Bb3 Qd7 8. Be3
Bb6 9. O-O O-O-O 10. d4 exd4 11. Nxd4 h6 12. Nxe6 fxe6 13. Qf3 Qe7 14. Bc4 g5
15. a3 Rdg8 16. Bxb6 axb6 17. b4 h5 18. h4 gxh4 19. Qh3 Qg7 20. Bxe6+ Kb8 21.
Bxg8 Rxg8 22. Rfe1 Nd4 23. Rac1 Nd7 24. Ne2 Nxe2+ 25. Rxe2 Ne5 26. Rd1 Ng6 27.
f4 Nxf4 28. Qf3 Nxe2+ 29. Qxe2 h3 30. Rd2 Qa1+ 31. Qf1 Qxf1+ 32. Kxf1 h2 33.
Kf2 h1=Q 34. Ke3 Qe1+ 35. Re2 Rg3+ 36. Kf4 h4 37. Rxe1 Rxg2 38. Rh1 Rf2+ 39.
Kg4 Rf8 40. Rxh4 Rg8+ 41. Kf5 c6 42. Rh6 d5 43. exd5 Rf8+ 44. Ke5 cxd5 45. Kxd5
Rf5+ 46. Ke4 Rb5 47. c4 Rg5 48. Rxb6 Rg4+ 49. Kd5 Rg5+ 50. Kd6 Rg6+ 51. Kc5
Rg5+ 52. Kd4 Rg4+ 53. Kc3 Rg3+ 54. Kb2 Rg2+ 55. Kb3 Rg3+ 56. Ka4 Rg4 57. c5 Kc7
58. Rh6 Rg8 59. Rh7+ Kc6 60. Rh6+ Kc7 61. Kb5 Ra8 62. Rh7+ Kb8 63. Rh8+ Ka7 64.
Rxa8+ Kxa8 65. c6 bxc6+ 66. Kxc6 Ka7 67. a4 1-0

[Event "C.to Italiano U10 femminile"]
[Site "Montesilvano ITA"]
[Date "2015.07.05"]
[Round "9"]
[White "Marinelli, Sofia"]
[Black "Di Maulo, Alessandra"]
[WhiteElo "1066"]
[BlackElo "1275"]
[Result "1-0"]
[PlyCount "61"]
[EventDate "2015.06.29"]

1. e4 e5 2. Nf3 Nc6 3. Bc4 Bc5 4. c3 Nf6 5. d3 h6 6. O-O O-O 7. Nbd2 d6 8. Bb3
Be6 9. h3 Re8 10. Re1 Qd7 11. Nf1 d5 12. Ng3 dxe4 13. dxe4 Qxd1 14. Rxd1 Rad8
15. Re1 Bb6 16. Be3 Na5 17. Ba4 c6 18. Bxb6 axb6 19. Nxe5 Nc4 20. Nxc4 Bxc4 21.
Bb3 Bxb3 22. axb3 Rd1 23. Raxd1 c5 24. e5 Nh7 25. Nf5 Ng5 26. Nd6 Re7 27. Nc8
Re6 28. Rd8+ Kh7 29. f4 Nxh3+ 30. gxh3 Rg6+ 31. Kf2 1-0

[Event "C.to Italiano U10"]
[Site "Montesilvano ITA"]
[Date "2015.07.01"]
[Round "3"]
[White "Paduano, Claudio"]
[Black "Seccia, Alessandro"]
[WhiteElo "1784"]
[BlackElo "1461"]
[Result "1-0"]
[PlyCount "29"]
[EventDate "2015.06.29"]

1. e4 e6 2. d4 d5 3. Bd3 c5 4. exd5 exd5 5. dxc5 Nc6 6. Nf3 Nf6 7. Nc3 Bxc5 8.
Bg5 O-O 9. O-O Be6 10. Qd2 Bb4 11. Qf4 Bd6 12. Qh4 h6 13. Bxh6 Ng4 14. Bg5 g6
15. Bxd8 1-0

[Event "C.to Italiano U10"]
[Site "Montesilvano ITA"]
[Date "2015.07.01"]
[Round "4"]
[White "Di Fina, Marcello"]
[Black "Paduano, Claudio"]
[WhiteElo "1494"]
[BlackElo "1784"]
[Result "0-1"]
[PlyCount "82"]
[EventDate "2015.06.29"]

1. e4 c5 2. c3 d5 3. exd5 Qxd5 4. d4 cxd4 5. cxd4 Nc6 6. Nf3 Bg4 7. Be2 e6 8.
Nc3 Bb4 9. Bd2 Qd7 10. O-O Bxf3 11. Bxf3 Nxd4 12. Be3 Nxf3+ 13. Qxf3 Ne7 14.
Rad1 Qc6 15. Qxc6+ Nxc6 16. Ne4 Ke7 17. Nc5 Bxc5 18. Bxc5+ Kf6 19. Rd3 e5 20.
Rf3+ Ke6 21. h3 f5 22. Rb3 b6 23. Ba3 Nd4 24. Rd3 Rac8 25. Kh2 Rhd8 26. Rg3 g6
27. Re3 Nc2 28. Rb3 Nxa3 29. Rxa3 Rc7 30. Re1 Rd2 31. f4 e4 32. b3 a5 33. Rb1
Rcc2 34. b4 Rxg2+ 35. Kh1 Rxa2 36. Rxa2 Rxa2 37. bxa5 bxa5 38. Rb6+ Kd5 39. Rb7
e3 40. Kg1 Ra1+ 41. Kg2 e2 0-1

[Event "C.to Italiano U10"]
[Site "Montesilvano ITA"]
[Date "2015.07.02"]
[Round "5"]
[White "Paduano, Claudio"]
[Black "Briata, Nicolo'"]
[WhiteElo "1784"]
[BlackElo "1521"]
[Result "1-0"]
[PlyCount "47"]
[EventDate "2015.06.29"]

1. e4 e5 2. Nf3 Nc6 3. Bc4 Bc5 4. c3 Nf6 5. d4 exd4 6. cxd4 Bb4+ 7. Bd2 Bxd2+
8. Nbxd2 d6 9. O-O Bg4 10. Qb3 Na5 11. Bxf7+ Kf8 12. Qa4 c6 13. b4 Kxf7 14.
bxa5 Bxf3 15. Qb3+ Ke8 16. Nxf3 b6 17. axb6 axb6 18. e5 dxe5 19. Nxe5 Nd5 20.
Nxc6 Qd6 21. Rfe1+ Kd7 22. Rac1 Ra3 23. Ne5+ Kd8 24. Nf7+ 1-0

[Event "C.to Italiano U10"]
[Site "Montesilvano ITA"]
[Date "2015.07.03"]
[Round "6"]
[White "Casadio, Niccolo'"]
[Black "Paduano, Claudio"]
[WhiteElo "1682"]
[BlackElo "1784"]
[Result "1/2-1/2"]
[PlyCount "101"]
[EventDate "2015.06.29"]

1. e4 c5 2. Nf3 e6 3. c3 Nc6 4. Bb5 a6 5. Bxc6 bxc6 6. d4 cxd4 7. cxd4 d5 8.
Nc3 Bd7 9. O-O Bb4 10. e5 c5 11. a3 Bxc3 12. bxc3 cxd4 13. cxd4 Rb8 14. a4 Ne7
15. Ba3 Nf5 16. Qc2 g5 17. Bc5 h5 18. g3 g4 19. Nd2 h4 20. Rfe1 hxg3 21. fxg3
Qg5 22. Nf1 Rc8 23. Qd2 Qh5 24. Bd6 Qh6 25. Qxh6 Rxh6 26. Bc5 f6 27. exf6 Rxf6
28. Ne3 Nxe3 29. Rxe3 Rb8 30. Re2 Rb3 31. a5 Bb5 32. Re5 Rb2 33. Rae1 Bd7 34.
R5e2 Rb5 35. Bb6 Rb4 36. Kg2 Rf3 37. Kg1 Rc4 38. Kg2 Ke7 39. Kg1 Kf6 40. Kg2
Kg6 41. Kg1 Rcc3 42. Kg2 Rf6 43. Kg1 Rcf3 44. Bd8 Rf7 45. Kg2 Kg7 46. Bc7 Bb5
47. Be5+ Kg8 48. Ra2 Bf1+ 49. Kg1 Bh3 50. Bf4 Rf6 51. Rb2 1/2-1/2

[Event "C.to Italiano U10"]
[Site "Montesilvano ITA"]
[Date "2015.07.03"]
[Round "7"]
[White "Paduano, Claudio"]
[Black "Piccinno, Matteo"]
[WhiteElo "1784"]
[BlackElo "1557"]
[Result "1-0"]
[PlyCount "69"]
[EventDate "2015.06.29"]

1. e4 e6 2. d4 d5 3. Bd3 dxe4 4. Bxe4 Nf6 5. Bg5 Be7 6. Bxf6 Bxf6 7. c3 O-O 8.
f4 Nd7 9. b4 a5 10. b5 c5 11. bxc6 bxc6 12. Ne2 Qc7 13. O-O Bb7 14. Qd3 g6 15.
Nd2 c5 16. Bxb7 Qxb7 17. Ne4 cxd4 18. cxd4 Bg7 19. Rfc1 Nf6 20. Nc5 Qe7 21.
Rab1 Rab8 22. Qd2 Qa7 23. Nc3 Nd5 24. Nb5 Qe7 25. g3 Ra8 26. Nd3 a4 27. Ne5
Bxe5 28. fxe5 f6 29. Nd6 Rfb8 30. Qh6 Qa7 31. Rxb8+ Rxb8 32. Nb5 Qb6 33. exf6
Nxf6 34. Rc7 Ne8 35. Qxh7+ 1-0

[Event "C.to Italiano U10"]
[Site "Montesilvano ITA"]
[Date "2015.07.04"]
[Round "8"]
[White "Zavattero, Luca"]
[Black "Paduano, Claudio"]
[WhiteElo "1509"]
[BlackElo "1784"]
[Result "1-0"]
[PlyCount "81"]
[EventDate "2015.06.29"]

1. e4 c5 2. Nf3 e6 3. d4 cxd4 4. Nxd4 Nf6 5. Nc3 Nc6 6. Ndb5 d6 7. Bf4 e5 8.
Bg5 a6 9. Na3 Be6 10. Nc4 b5 11. Ne3 Qb6 12. Bxf6 gxf6 13. Bd3 Bg7 14. O-O Rg8
15. Ncd5 Qa7 16. g3 Bh3 17. Re1 Bh8 18. Qh5 Be6 19. Qxh7 O-O-O 20. Qh5 Rg5 21.
Qe2 Kb8 22. c3 Bc8 23. a4 bxa4 24. Rxa4 a5 25. Nc4 f5 26. Rea1 fxe4 27. Bxe4 f5
28. Bc2 Qf7 29. Qd2 Rdg8 30. Nxa5 Nxa5 31. Rxa5 Bb7 32. Bb3 R5g6 33. Qe3 f4 34.
Qa7+ Kc8 35. Nb6+ Kc7 36. Bxf7 fxg3 37. fxg3 Rxg3+ 38. hxg3 Rxg3+ 39. Kh2 Rg2+
40. Kh3 Bf6 41. Bd5 1-0